=LDR 00000nam 2200000 4500 =001 INLIS000000000038788 =005 20130612144440 =008 ***********************************Ind** =035 ##$$0010-061300000038788 =041 ##$$a Ind =082 ##$$a 612.6 =090 ##$$a 612.6, Muh b =100 ##$$a Muhammad, As'Adi =245 ##$$a Bagaimana cara memiliki anak laki-laki? : Inilah tuntunan mengatur jenis kelamin anda/ As'Adi Muhammad; Editor, Eti Syahriyanti =260 ##$$a 2010 $b Yogyakarta =300 ##$$a 124 hlm., ilus., 21 cm =650 ##$$a Reproduksi =700 ##$$a Syahriyanti,Eti =850 ##$$a NBPNMAT =990 ##$$a 1281212812 =990 ##$$a 01201712812